000 01076nam a2200289 c 4500
003 BLK
005 20250724085724.0
008 180408b bul|||||r ||||||| ||bul||
010 _aKNG00048080000
020 _a954-26-0242-1
_bиздат.: Хермес
040 _aBLK
041 _aBUL
_cBUL
080 _aБългарска литература
_b821.163.2
_x-4
_z821.163.2-4
100 1 _aСемов, Марко Атанасов
_d1939-2007
_gписател, философ, социолог
_9363941
139 _aСемов, Марко Атанасов
_bС 32
245 1 0 _aПисма до България
_bКн. за търпението на българите
_cМарко Атанасов Семов.
257 _aBGR
260 Пловдив
_bХермес
_c2004
_fХасково : Полиграфюг
300 _a256 с.
_c20 см
380 _aX
852 _aЦб 222495
856 4 _qpdf
_u
856 4 _qpdf
_u
942 _cKNG
_n0
_039
944 _aCR
_c07.02.2005
_k30576
_lЦветомила Тодорова
944 _aED
_c10.04.2007
_k
999 _c44315
_d44315